| 000 | nam a22 7a 4500 | ||
|---|---|---|---|
| 999 |
_c44075 _d44075 |
||
| 003 | OSt | ||
| 005 | 20180430140023.0 | ||
| 008 | 180430b xxu||||| |||| 00| 0 eng d | ||
| 040 | _cIIMT UNIVERSITY, MEERUT | ||
| 050 |
_a624.171PUN _b108 |
||
| 082 |
_210TH ED. _a624.171PUN _b108 |
||
| 100 | _aPUNMIA, B C | ||
| 245 |
_aBUILDING CONSTRUCTION _cAUTHOR _hENGLISH |
||
| 250 | _a10 | ||
| 260 |
_aDELHI _bSTANDARD _c2010 |
||
| 300 |
_b10TH ED. 666 PP. _ePAPERBACK |
||
| 760 | _b10 ED. | ||
| 856 |
_3PAPERBACK _z624.171PUN |
||
| 942 |
_2ddc _c01 _e10TH _hBOOK _iTITLE _k624.171PUN _m624.171PUN |
||